Osmanlı belgelerinde Kazan/ (Record no. 13868)
| 000 -BAŞLIK | |
|---|---|
| Sabit Uzunluktaki Kontrol Alanı | 01555nam a22003977a 4500 |
| 001 - KONTROL NUMARASI | |
| Control Dosyası | 0013905 |
| 003 - KONTROL NUMARASI KİMLİĞİ | |
| Kontrol Alanı | KOHA_MİRAKIL |
| 005 - EN SON İŞLEM TARİHİ ve ZAMANI | |
| Kontrol Alanı | 20260207001936.0 |
| 007 - FİZİKSEL TANIM SABİT ALAN - GENEL BİLGİ | |
| Sabit uzunluklu kontrol alanı | ta |
| 008 - SABİT UZUNLUKTAKİ VERİ ÖGELERİ - GENEL BİLGİ | |
| Sabit Alan | 120209b2005 tu a|||gr||||#||||0|tur | |
| 020 ## - ISBN - ULUSLARARASI STANDART KİTAP NUMARASI | |
| Isbn | 9751937175 |
| 020 ## - ISBN - ULUSLARARASI STANDART KİTAP NUMARASI | |
| Kullanılabilirlik koşulları | 0,01 |
| 040 ## - KATALOGLAMA KAYNAĞI | |
| Özgün Kataloglama Kurumu | TR-BiSEU |
| Kataloglama Dili | tur |
| Çeviri Kurumu | TR-BiSEU |
| Açıklama Kuralları | rda |
| 041 0# - DİL KODU | |
| Metin ya da ses kaydının dil kodu | tur |
| 044 ## - YAYINLAYAN/ÜRETEN KURULUŞUN ÜLKE KODU | |
| ISO country code | tu |
| 050 ## - SINIFLAMA ve YER NUMARASI | |
| Sınıflama Numarası | DK651 |
| Yer Numarası | .O86 2005 |
| 245 0# - ESER ADI BİLDİRİMİ | |
| Başlık | Osmanlı belgelerinde Kazan/ |
| Sorumluluk Bildirimi | editörler Kemal Gurukan, Raşit Gündoğdu...[ve bşk.]. |
| 264 #1 - ÜRERİM, YAYIN, DAĞITIM ve TELİF BİLDİRİMİ | |
| Yayın yeri | Ankara : |
| Yayınlayan | T.C. Başbakanlık Devlet Arşivleri Genel Müdürlüğü |
| Yayın tarihi | 2005 |
| 300 ## - FİZİKSEL TANIMLAMA | |
| Sayfa, Cilt vb. | xxiii, 546 sayfa: resimli, harita; 25 cm. |
| 336 ## - İÇERİK TÜRÜ | |
| Content type term | metin |
| Content type code | txt |
| Source | rdacontent |
| 337 ## - MEDYA TÜRÜ | |
| Media type term | aracısız |
| Media type code | n |
| Source | rdamedia |
| 338 ## - TAŞIYICI TÜRÜ | |
| Carrier type term | cilt |
| Carrier type code | nc |
| Source | rdacarrier |
| 490 1# - DİZİ BİLDİRİMİ | |
| Dizi Bildirimi | T.C. |
| 490 1# - DİZİ BİLDİRİMİ | |
| Dizi Bildirimi | Başbakanlık Devlet Arşivleri Genel Müdürlüğü. |
| 490 1# - DİZİ BİLDİRİMİ | |
| Dizi Bildirimi | Osmanlı Arşivi Daire Başkanlığı ; |
| Cilt Numarası | yayın nu: 72 |
| 500 ## - GENEL NOT | |
| Genel Not | In romanized Ottoman Turkish with facsimiles of original Ottoman Turkish documents in Arabic script; introduction in |
| 500 ## - GENEL NOT | |
| Genel Not | Dizin var. |
| 650 #0 - KONU BAŞLIĞI EK GİRİŞ - KONU TERİMİ | |
| Konusal terim veya coğrafi ad | Kazan (Russia)--History--Sources. |
| 9 (RLIN) | 32616 |
| 650 #0 - KONU BAŞLIĞI EK GİRİŞ - KONU TERİMİ | |
| Konusal terim veya coğrafi ad | Turkey--History Ottoman Empire, 1288-1918--Sources. |
| 9 (RLIN) | 16781 |
| 650 #0 - KONU BAŞLIĞI EK GİRİŞ - KONU TERİMİ | |
| Konusal terim veya coğrafi ad | Kazan (Russia)--Foreign relations--Turkey--Sources. |
| 9 (RLIN) | 32617 |
| 650 #0 - KONU BAŞLIĞI EK GİRİŞ - KONU TERİMİ | |
| Konusal terim veya coğrafi ad | Turkey--Foreign relations--Russia (Federation)--Kazan--Sources. |
| 9 (RLIN) | 32618 |
| 830 1# - SERİ EK GİRİŞİ - TEKBİÇİM ESER ADI | |
| Tekbiçim Başlık | T.C. |
| 9 (RLIN) | 6297 |
| 830 1# - SERİ EK GİRİŞİ - TEKBİÇİM ESER ADI | |
| Tekbiçim Başlık | Başbakanlık Devlet Arşivleri Genel Müdürlüğü. |
| 9 (RLIN) | 16315 |
| 830 1# - SERİ EK GİRİŞİ - TEKBİÇİM ESER ADI | |
| Tekbiçim Başlık | Osmanlı Arşivi Daire Başkanlığı ; |
| Volume number/sequential designation | yayın nu: 72 |
| 9 (RLIN) | 16363 |
| 942 ## - EK GİRİŞ ÖGELERİ (KOHA) | |
| Source of classification or shelving scheme | Library of Congress Classification |
| Koha item type | Book |
| Materyal Türü | Kalıcı Konum | Mevcut Konum | Raf Yeri | Sınıflandırma Kaynağı | Edinim Bilgisi | Ana Konular | Alt Konular | Yer Numarası | Demirbaş Numarası | Fatura Tarihi | Geri Çekilme Durumu | Kayıp Durumu | Hasarlı Durumu | Kredi için değil | Kayıt Tarih | Toplam Ödünçverme | Son Görülme Tarihi | Son Kontrol Tarihi | Genel / Bağış Notu |
|---|---|---|---|---|---|---|---|---|---|---|---|---|---|---|---|---|---|---|---|
| Book | Prof. Dr. Azmi Özcan Kütüphanesi | Prof. Dr. Azmi Özcan Kütüphanesi | Uluğbey Salonu | Library of Congress Classification | Bağış | DÜNYA TARİHİ (AVRUPA, ASYA, AFRİKA VB.) | Rusya, Sovyetler Birliği, Eski Sovyet Cumhuriyetleri - Polonya | DK651 .O86 2005 | 0013905 | 13/08/2010 | 22/02/2010 | 05/12/2024 | 05/12/2024 | Genel Bağış | |||||
| Book | Prof. Dr. Azmi Özcan Kütüphanesi | Prof. Dr. Azmi Özcan Kütüphanesi | Uluğbey Salonu | Library of Congress Classification | Bağış | DÜNYA TARİHİ (AVRUPA, ASYA, AFRİKA VB.) | Rusya, Sovyetler Birliği, Eski Sovyet Cumhuriyetleri - Polonya | DK651 .O86 2005 | 0035357 | 02/02/2026 | 09/02/2012 | 05/12/2024 | 05/12/2024 | Genel Bağış |
